| 000 | 00433cam a22001457a 4500 | ||
|---|---|---|---|
| 001 | 000009401 | ||
| 005 | 20200929161600.0 | ||
| 008 | 841129s1983 cl 000 0 spa | ||
| 040 |
_aDO-SdBNP _bspa _cBNPHU |
||
| 100 | 1 |
_aPrado, Pedro, _d1886-1952. _924187 |
|
| 245 | 1 | 3 |
_aLa reina de Rapa Nui / _cPedro Prado. |
| 260 |
_aSantiago : _bEditorial Andres Bello, _c[1983]. |
||
| 300 |
_a65 p. ; _c19 cm. |
||
| 490 | 0 |
_aEditorial Andres Bello ; _v4 |
|
| 999 |
_c9161 _d9161 |
||